| 000 | 00811nam a22002297a 4500 | ||
|---|---|---|---|
| 001 | 22350 | ||
| 003 | BD-RjUL | ||
| 005 | 20211209000809.0 | ||
| 008 | 140308r19521921enk a 000 0 eng d | ||
| 035 | _a(BD-RjUL)22415 | ||
| 040 |
_aBD-RjUL _beng _cBD-RjUL |
||
| 041 | _aeng | ||
| 082 |
_a824.7 _bLAC 1952 |
||
| 100 | 1 |
_aLamb, Charles. _969003 |
|
| 245 |
_aCharles Lamb : _bprose & poetry / _c with essays by Hazlitt & De Quincey. With an introduction by George Gordon and notes. |
||
| 260 |
_aLondon : _bOxford, Clarendon Press _c[Reprinted 1952]. |
||
| 300 |
_axiv, 216 p. ; _c19 cm. |
||
| 490 | 1 | _aThe Clarendon series of English literature | |
| 500 | _a "The selection has been made by Mr. Gordon. The notes are by Mr. A.M.D. Hughes." | ||
| 600 | 0 |
_aLamb, Charles, _y1775-1834. _969007 |
|
| 942 |
_2ddc _cBK |
||
| 999 |
_c22350 _d22350 |
||